| 000 | 00549nam a2200181Ia 4500 | ||
|---|---|---|---|
| 999 |
_c36658 _d36658 |
||
| 003 | OSt | ||
| 005 | 20201215095459.0 | ||
| 008 | 190216s9999||||xx |||||||||||||| ||und|| | ||
| 020 | _a9788185822280 | ||
| 040 | _coclc | ||
| 082 |
_a709.17671 _bBLA/T |
||
| 100 |
_aBlair, Sheila S _97481 |
||
| 245 | 4 |
_aThe Art And Architecture Of Islam 1250-1800 / _cSheila S Blair |
|
| 260 |
_bMapin Publishing Pvt Ltd, _c1995. _aLondon: |
||
| 300 | _a348p | ||
| 650 | _aArchitecture | ||
| 942 |
_cREF _2ddc _h709.17671 _iBLA/T _k709.17671 _mBLA/T |
||